000
00308nam a2200133Ia 4500
100
_a
Wilson /J.D/ Roger/C.M
942
_c
BK
654
_a
Carpentry
245
_a
Simplified Carpentry Estimating
260
_b
Simmons-Board Man.Pub
_a
New York
_c
1975
082
_a
694.1
300
_a
358
546
_a
ENGLISH
999
_c
26461
_d
26461